000 00507nam a2200181Ia 4500
005 20250923144517.0
008 008 250917s9999 xx 000 0 eng d
037 _aReports
040 _aDSWL
_beng
_cDSWL
041 _aeng
_2eng
084 _qDSWL
100 _aTrecker, H.B.
_9825604
245 0 _aGroup work foundations & frontiers
_cby H.B. Trecker
260 _aCarolina
_bWhitesicde Inc & William Morrow
_c1955
300 _axii,418p.
942 _cREP
999 _c1439818
_d1439818